Pedagogía para nuestro tiempo./ (Registro nro. 8766)

Detalles MARC
000 -LEADER
fixed length control field 00881nam a2200205Ia 4500
005 - FECHA Y HORA DE LA ÚLTIMA TRANSACCIÓN
control field 20250324140310.0
008 - FIXED-LENGTH DATA ELEMENTS--GENERAL INFORMATION
fixed length control field 230725s9999 xx 000 0 und d
020 ## - INTERNATIONAL STANDARD BOOK NUMBER
International Standard Book Number 99922-1-112-1
040 ## - CATALOGING SOURCE
Original cataloging agency UPAN
Transcribing agency Biblioteca San Vicente
Description conventions RCAA2
041 ## - LANGUAGE CODE
Language code of text/sound track or separate title spa
082 ## - DEWEY DECIMAL CLASSIFICATION NUMBER
Classification number 371.3
Item number A357p
año de publicación 2004
100 ## - MAIN ENTRY--PERSONAL NAME
Personal name Aldana, Carlos
Relator code aut.
245 #0 - TITLE STATEMENT
Title Pedagogía para nuestro tiempo./
Remainder of title Enfoque vivencial para estudiantes
Statement of responsibility, etc Carlos Aldana
250 ## - EDITION STATEMENT
Edition statement 1ª ed.
260 ## - PUBLICATION, DISTRIBUTION, ETC. (IMPRINT)
Place of publication, distribution, etc Guatemala:
Name of publisher, distributor, etc Piedra santa,
Date of publication, distribution, etc 2004
300 ## - PHYSICAL DESCRIPTION
Extent 239 p.;
Dimensions 21 cm.
505 ## - FORMATTED CONTENTS NOTE
Formatted contents note Capítulo 1: La vida se impone... (Educación y realidad). <br/>Capítulo 2: ¡Comprendamos eso a lo que llaman Educación!. <br/>Capítulo 3: Existe una ciencia llamada Pedagogía. <br/>Capítulo 4: Ser educador o educadora. <br/>Capítulo 5: El aula, espacio de vida. <br/>Capítulo 6: Fichero histórico.
650 ## - SUBJECT ADDED ENTRY--TOPICAL TERM
Source of heading or term LEMB
General subdivision Pedagogía
942 ## - ADDED ENTRY ELEMENTS (KOHA)
Koha item type Libros
Source of classification or shelving scheme Dewey Decimal Classification
Existencias
Withdrawn status Lost status Source of classification or shelving scheme Damaged status Not for loan Collection code Home library Current library Date acquired Total Checkouts Full call number Barcode Date last seen Copy number Price effective from Koha item type
    Dewey Decimal Classification     Colección General Biblioteca UPAN San Vicente Biblioteca UPAN San Vicente 25/07/2023   371.3 A357p 12001332 25/07/2023 02 25/07/2023 Libros
    Dewey Decimal Classification     Colección General Biblioteca UPAN San Vicente Biblioteca UPAN San Vicente 27/07/2023   371.3 A357p 12001331 27/07/2023 02 27/07/2023 Libros